Revista Reflexiones. Tabla de contenidos: Volumen 88, número 1, 2008
Kaydedildi:
| Materyal Türü: | Kitap |
|---|---|
| Dil: | Spanish |
| Baskı/Yayın Bilgisi: |
Costa Rica
2008
|
| Etiketler: |
Etiketle
Etiket eklenmemiş, İlk siz ekleyin!
|
MARC
| LEADER | 00000nam a22000007a 4500 | ||
|---|---|---|---|
| 003 | cru IIS | ||
| 005 | 20210811141249.0 | ||
| 008 | 210811b2008 cr ||||| |||| 00| 0 spa d | ||
| 040 | |c CRAI UCR | ||
| 082 | |a REV0831 88(1) 2008 c.2 | ||
| 245 | |a Revista Reflexiones. Tabla de contenidos: Volumen 88, número 1, 2008 | ||
| 260 | |a Costa Rica |c 2008 | ||
| 505 | |a LA CLASE MEDIA EN EL MOVIMIENTO DEL NO: RUPTURAS Y POSIBILIDADES DESPUÉS DEL REFERÉNDUM Carmen Caamaño Marín/ _ CONSUMO DE BEBIDAS ALCOHÓLICAS, PUBLICIDAD Y DIVERSIONES EN COSTA RICA (1900-1930) Patricia Vega Jiménez/ _ MOTIVACIONES HACIA EL CONSUMO DE ALCOHOL EN JÓVENES - DATOS Y EXTRAPOLACIONES SOBRE EL CASO COSTARRICENSE Jorge Sanabria León/ _ LA "NUEVA" IZQUIERDA LATINOAMERICANA: CARACTERÍSTICAS Y RETOS FUTUROS Cindy Calvo Salazar/ _ TRABAJO SOCIAL, FORMACIÓN PROFESIONAL Y CATEGORÍA TRABAJO Yessenia Fallas Jiménez/ _ CONSERVACIÓN DEL PATRIMONIO NATURAL: EL CASO DE LA RESERVA BIOLOGICA ALBERTO MANUEL BRENES Alberto Hamer Salazar Rodríguez/ _ LA PROGRAMACIÓN LINEAL APLICACIÓN DE LA PEQUEÑAS Y MEDIANAS EMPRESAS Jorge Alvarado Boirivant/ _ LA UNIVERSIDAD EN EL INICIO DE LA DEMOCRACIA REPRESENTATIVA EN VENEZUELA. DEBATE POLÍTICO VS. DESARROLLO POLÍTICO Gustavo Eduardo Toledo Lara/ _ ALTERIDAD Y SU ITINERARIO DESDE LAS PERSPECTIVAS MULTIDISCIPLINARES Freddy González Silva/ _ ELEMENTOS PARA LA COMPRESIÓN DE LA CRISIS ACTUAL DEL CAPITALISMO. UNA PERSPECTIVA DESDE LA PERIFERIA Sergio Reuben Soto/ _ DURKHEIM Y BOURDIEU: REFLEXIONES SOBRE EDUCACIÓN Luis Carlos Morales Zúñiga/ _ LAICISMO E ISLAM: LA LUCHA POR EL ALMA DE TURQUÍA Sergio Moya Mena | ||
| 942 | |2 ddc |c PP | ||
| 999 | |c 43823 |d 43823 | ||
| 773 | 0 | |0 150 |9 2514 |a Dierckxsens, Wim |d San José: EDUCA |o 19529 |t Economía y población: |w (cru CIDCACS/IIS)33171 | |
